000 02064nam a22003377a 4500
005 20090119143636.0
008 090119t xxu||||| |||| 00| 1 eng d
010 _aB-345471-475
020 _a9788123739304
_c16.00
035 _aB-357782
035 _aB-345471-475
037 _bTarun Books
040 _adpl
_bEnglish
082 _aS
100 _aJamwal, Anuradha Bhasin
245 _aThe wonderful vacation /
_cby Anuradha Bhasin Jamwal; illustrated by Hakim Gulam Mohammad
260 _aNew Delhi
_bNational Book Trust
_c2008 (repr.).
270 _aA-5 Green Park
_bNew Delhi
_e110016
300 _aUnpaged :
_bcol. photos
_c18cm(pbk)
490 _aNehru Bal Pustakalaya
700 _aHakim Gulam Mohammad
942 _2ddc
_cCH
_hS
_mJAM
999 _c21309
_d21309